可不可以一直在一起 : 彎彎寵物日記
| 資料類型: | 圖書 | 書目號: | 47322 |
Leader xxxxxxxxxx 005 __ 20140519141432.0 010 0_ |a9789868875579|b平裝|dNT$260 042 __ |anbic 100 __ |a20140616d2014 m y0chiy50 e 101 0_ |achi 102 __ |atw 105 __ |aa z 000cy 200 1_ |a可不可以一直在一起|e彎彎寵物日記|f彎彎著 205 __ |a初版 210 __ |a臺北市|c自轉星球文化出版|c大和書報總經銷|d2014[民103] 215 0_ |a151面|c彩圖|d19公分 225 2_ |aBeautiful day|v29 517 1_ |a彎彎寵物日記|zchi 681 __ |a855|b2222|v2007年版 700 _0 |a彎彎|4著 681 __ |a855|b844 801 _0 |atw|b內湖高中|c20140616|gCCR |